Central Library and Information Centre
Sibsagar Girls' College, Sivasagar : Assam

THE PHILOSOPHICAL AND SOCIOLOGICAL FOUNDATIONS OF EDUCATION (Record no. 8795)

MARC details
000 -LEADER
fixed length control field 00485cam a2200193ua 4500
008 - FIXED-LENGTH DATA ELEMENTS--GENERAL INFORMATION
fixed length control field 191121n II |||gr||||Z||||||eng
040 ## - CATALOGING SOURCE
Original cataloging agency MAIN
041 ## - LANGUAGE CODE
-- English
041 ## - LANGUAGE CODE
-- eng
082 ## - DEWEY DECIMAL CLASSIFICATION NUMBER
Classification number 370 BHA
100 ## - MAIN ENTRY--PERSONAL NAME
Personal name BHATIA,KAMALA.
245 ## - TITLE STATEMENT
Title THE PHILOSOPHICAL AND SOCIOLOGICAL FOUNDATIONS OF EDUCATION
260 ## - PUBLICATION, DISTRIBUTION, ETC.
Place of publication, distribution, etc. DELHI:
Name of publisher, distributor, etc. DOABA HOUSE BOOK SELLERS & PUB.,
Date of publication, distribution, etc. 1987.
300 ## - PHYSICAL DESCRIPTION
Extent 360:
Dimensions 22CM.
700 ## - ADDED ENTRY--PERSONAL NAME
Personal name BHATIA,BALDEV.
942 ## - ADDED ENTRY ELEMENTS (KOHA)
Koha item type Books
653 ## - INDEX TERM--UNCONTROLLED
Uncontrolled term Education
Holdings
Withdrawn status Lost status Damaged status Not for loan Collection code Home library Current library Shelving location Date acquired Full call number Barcode Date last seen Copy number Price effective from Koha item type Public note
        TBEDU Central Library and Information Centre Sibsagar Girls College Central Library and Information Centre Sibsagar Girls College EDUCATION BOOK RACK 01.08.2006 370 BHA 21314 27.02.2020 1 27.02.2020 Books V


Sibsagar Girl's College © 2020. All rights reserved.
Powered by Koha.
Maintained by Abhijit Borpuzari.